000 00315nam a2200133 i 4500
001 bg
100 1 _aRUTKOWSKI, J. E.
245 0 _aWideo-technika :
_bwszysko o wideo /
_cJ.E. Rutkowski.
260 _aWarszawa,
_c1992.
040 _cBPK
041 _apol
942 _cKS
008 s pl f |000 0 pol
999 _c5370
_d5370
856 _uhttp://koha.tu.koszalin.pl/cgi-bin/koha/opac-detail.pl?biblionumber=5370
_yKatalog online BPK